Statistics for -S Vocabulary Words Which Aren't Plurals

Click here to take the quiz!

General Stats

  • This quiz has been taken 163 times
  • The average score is 9 of 20

Answer Stats

hintanswer% Correct
non-solid non-liquidgas
92%
+plus
92%
public transport modebus
85%
well-knownfamous
79%
current affairs informationnews
66%
thereforethus
55%
Jewish or Islamic, egreligious
52%
underlying foundation for an ideabasis
44%
in the direction oftowards
43%
direction of attentionfocus
39%
possiblyperhaps
39%
TV's Days of our Lives, egseries
35%
somber and graveserious
35%
biological groupingspecies
33%
detailed study of a situationanalysis
32%
lettuce varietycos
26%
prior; earlierprevious
26%
of different kinds or sortsvarious
26%
special weight or forcefulness given
to something considered important
emphasis
19%
dangerous but opportune situation,
a possible turning-point
crisis
14%

Score Distribution

Percentile by Number Answered

Percent of People with Each Score

Your Score History

You have not taken this quiz